Countries That Have Been Top 10 by Population - Statistics

General Stats
  • This quiz has been taken 53 times
  • The average score is 14 of 15
Answer Stats
Years Country % Correct
1950- China
100%
1950- India
100%
1950- United States
100%
2021-2023 Mexico
98%
1950- Russia
98%
1950- Brazil
96%
1950-1982 Germany
96%
1950-2020 Japan
96%
1968- Pakistan
96%
1983- Nigeria
94%
1950-1967 United Kingdom
94%
1950- Indonesia
92%
1959- Bangladesh
86%
1950-1958 Italy
86%
2024- Ethiopia
74%
No matching quizzes found
Score Distribution
Percent of People with Each Score
Percentile by Number Answered
Your Score History
You have not taken this quiz